[Event "Milan SSM August"]
[Site "Milan"]
[Date "2010.08.01"]
[Round "3"]
[White "Bozzali, Ermanno"]
[Black "Giannotti, Salvatore"]
[Result "1/2-1/2"]
[WhiteElo "2145"]
[BlackElo "1865"]
[PlyCount "74"]
[EventDate "2010.07.30"]
[EventType "swiss"]
[EventRounds "7"]
[EventCountry "ITA"]
[SourceTitle "EXT 2024"]
[Source "ChessBase"]
[SourceDate "2023.10.10"]
[SourceVersion "1"]
[SourceVersionDate "2023.10.10"]
[SourceQuality "1"]

1. d4 d5 2. Nf3 Nf6 3. c4 c6 4. e3 e6 5. Nc3 Nbd7 6. Qc2 b6 7. Bd2 Bb7 8. Bd3 dxc4 9. Bxc4 b5 10. Bd3 Bd6 11. e4 e5 12. dxe5 Nxe5 13. Nxe5 Bxe5 14. f4 Bd4 15. 0-0-0 Qb6 16. Rhe1 a6 17. e5 Ng4 18. Ne4 0-0-0 19. Nd6+ Kb8 20. Nxf7 Nf2 21. Bxh7 Rxh7 22. Qxh7 Rd5 23. Bc3 Be3+ 24. Kc2 Rxd1 25. Rxd1 c5 26. Nd6 b4 27. Be1 b3+ 28. axb3 Nxd1 29. Kxd1 Qxb3+ 30. Qc2 Qd5+ 31. Bd2 Bxf4 32. Nxb7 Kxb7 33. e6 Qxe6 34. Bxf4 Qg4+ 35. Ke1 Qxf4 36. Qxc5 Qxh2 37. Qe7+ Qc7 1/2-1/2

[Event "Lombardia Region-ch"]
[Site "Solaro"]
[Date "2010.05.30"]
[Round "4"]
[White "Ranfagni, Stefano"]
[Black "Giannotti, Salvatore"]
[Result "1/2-1/2"]
[WhiteElo "2011"]
[BlackElo "1775"]
[PlyCount "46"]
[EventDate "2010.05.28"]
[EventType "swiss"]
[EventRounds "5"]
[EventCountry "ITA"]
[SourceTitle "EXT 2024"]
[Source "ChessBase"]
[SourceDate "2023.10.10"]
[SourceVersion "1"]
[SourceVersionDate "2023.10.10"]
[SourceQuality "1"]

1. e4 d6 2. d4 Nf6 3. Nc3 Nbd7 4. f4 e5 5. fxe5 dxe5 6. dxe5 Nxe5 7. Qxd8+ Kxd8 8. Bg5 c6 9. 0-0-0+ Kc7 10. Bf4 Bd6 11. Kb1 Nfg4 12. Nh3 f6 13. Be2 Nf7 14. Rxd6 Nxd6 15. Bxg4 Bxg4 16. Nf2 h5 17. h3 Be6 18. Rd1 Rad8 19. e5 fxe5 20. Bxe5 Rhe8 21. Bh2 Bd5 22. Nxd5+ cxd5 23. Nd3 Kc8 1/2-1/2

[Event "Lombardia Region-ch"]
[Site "Solaro"]
[Date "2010.05.29"]
[Round "3"]
[White "Bonazzi, Edoardo"]
[Black "Giannotti, Salvatore"]
[Result "1-0"]
[WhiteElo "2171"]
[BlackElo "1775"]
[PlyCount "53"]
[EventDate "2010.05.28"]
[EventType "swiss"]
[EventRounds "5"]
[EventCountry "ITA"]
[SourceTitle "EXT 2024"]
[Source "ChessBase"]
[SourceDate "2023.10.10"]
[SourceVersion "1"]
[SourceVersionDate "2023.10.10"]
[SourceQuality "1"]

1. Nf3 d5 2. c4 c6 3. g3 Nf6 4. Bg2 Bf5 5. cxd5 cxd5 6. Qb3 Qc7 7. Nc3 e6 8. d3 a6 9. Bf4 Qc8 10. Rc1 Nc6 11. 0-0 Be7 12. Na4 Nd7 13. Ne5 Bd8 14. e4 dxe4 15. dxe4 Ndxe5 16. exf5 Bc7 17. Bxe5 Nxe5 18. Nb6 Bxb6 19. Rxc8+ Rxc8 20. Qxb6 0-0 21. fxe6 fxe6 22. Qxe6+ Nf7 23. Bxb7 Rc2 24. Bd5 Rxb2 25. Rc1 Rbb8 26. Rc7 Rbe8 27. Qxe8 1-0

[Event "Lombardia Region-ch"]
[Site "Solaro"]
[Date "2010.05.29"]
[Round "2"]
[White "Giannotti, Salvatore"]
[Black "Occhipinti, Massimo"]
[Result "1-0"]
[WhiteElo "1775"]
[BlackElo "1993"]
[PlyCount "125"]
[EventDate "2010.05.28"]
[EventType "swiss"]
[EventRounds "5"]
[EventCountry "ITA"]
[SourceTitle "EXT 2024"]
[Source "ChessBase"]
[SourceDate "2023.10.10"]
[SourceVersion "1"]
[SourceVersionDate "2023.10.10"]
[SourceQuality "1"]

1. d4 Nf6 2. Nf3 g6 3. Nbd2 Bg7 4. e4 d6 5. Bd3 Nbd7 6. c3 e5 7. dxe5 dxe5 8. Qc2 0-0 9. 0-0 h6 10. b4 Nh5 11. Re1 Nf4 12. Bf1 Qe7 13. a4 Rd8 14. Nc4 Nb6 15. Ne3 c6 16. a5 Nd7 17. Nc4 Nf8 18. Be3 Bg4 19. Bc5 Qe6 20. Nfd2 Qf6 21. f3 Be6 22. Rad1 h5 23. Nb3 Bxc4 24. Bxc4 N8e6 25. Rxd8+ Qxd8 26. Rd1 Qg5 27. Rd7 Nxc5 28. Bxf7+ Kh8 29. Nxc5 b6 30. Nb3 h4 31. Bc4 Bh6 32. Kh1 Nh5 33. Qd2 Nf4 34. a6 Rf8 35. Bf1 Qh5 36. Rd8 Ne6 37. Rxf8+ Nxf8 38. Qd8 g5 39. Qf6+ Bg7 40. Qxc6 g4 41. Nd2 Qg5 42. Qd6 Ng6 43. fxg4 Qxg4 44. Qb8+ Kh7 45. Qxa7 Nf4 46. h3 Qd1 47. Qd7 Ne2 48. Qf5+ Kg8 49. Kh2 Ng3 50. Bc4+ Kh8 51. Qc8+ Kh7 52. Qg8+ Kh6 53. Qe6+ Kh7 54. Nf1 Qe1 55. a7 Nxf1+ 56. Bxf1 Qxe4 57. Qxb6 Bh6 58. Qc7+ Kg6 59. Qd6+ Kg7 60. Qe7+ Kg6 61. Qe6+ Kh7 62. Qf7+ Bg7 63. Bd3 1-0

[Event "Ceriano Laghetto op-B 19th"]
[Site "Ceriano Laghetto"]
[Date "2010.03.??"]
[Round "4"]
[White "Carbone, Lorenzo"]
[Black "Giannotti, Salvatore"]
[Result "1-0"]
[WhiteElo "1743"]
[BlackElo "1805"]
[PlyCount "103"]
[EventDate "2010.03.??"]
[EventType "swiss"]
[EventRounds "5"]
[EventCountry "ITA"]
[SourceTitle "EXT 2024"]
[Source "ChessBase"]
[SourceDate "2023.10.10"]
[SourceVersion "1"]
[SourceVersionDate "2023.10.10"]
[SourceQuality "1"]

1. e4 d6 2. d4 Nf6 3. Bd3 Nbd7 4. Nf3 e5 5. c3 h6 6. 0-0 Be7 7. Na3 c6 8. h3 Qc7 9. Be3 Nf8 10. Nc2 g5 11. Nh2 Ng6 12. Ne1 Nf4 13. Kh1 Bd7 14. c4 h5 15. d5 h4 16. Qd2 Qc8 17. Bxf4 gxf4 18. Nef3 c5 19. Qc3 Qc7 20. Rad1 0-0-0 21. b4 cxb4 22. Qxb4 Nh5 23. Nxe5 Bxh3 24. Nxf7 Bxg2+ 25. Kxg2 f3+ 26. Kh1 Ng3+ 27. Kg1 Qd7 28. Rb1 b6 29. Qb5 Nxf1 30. Qxd7+ Kxd7 31. Kxf1 Bf6 32. Nxd8 Kxd8 33. Nxf3 h3 34. Ke2 Ke7 35. Rh1 Rh5 36. Ng1 h2 37. Nf3 Be5 38. Nxe5 dxe5 39. Kf3 Rh3+ 40. Ke2 Kd6 41. f3 Kc5 42. Kf2 Kd4 43. Bf1 Rh7 44. d6 Kc5 45. d7 Rxd7 46. Rxh2 Rd2+ 47. Kg3 Rd1 48. Rf2 Kd4 49. Bg2 Kxc4 50. Rc2+ Kd4 51. Rc7 a5 52. Rd7+ 1-0